000 00782nam a22002177a 4500
999 _c147169
_d147169
005 20230724162625.0
010 _aENG-121263
020 _a9789381496084
_c175.00
035 _aEN-104795
037 _bDBAD/PUB
082 _a331.4
100 _aKothari, Manu
245 _aThe fourth gender:
_bhumanity beyond female-male equality in thought, language and action/
_cby Manu kothari, Jyoti Kothari [and] Lopa Mehta
260 _aMumbai
_bBhalani Publishing House
_c2012
270 _aBhalani Publishing House, 11 Mavawala Building Opp. K.E.M. Hospital Parel
_bMumbai
_e400012
300 _a124p.
_c22cm(pbk)
500 _aIncludes bibliographical References, and Index
700 _aKothari, Jyoti
700 _aMehta, Lopa
942 _2ddc
_cEN
_h331.4
_mKOT